Diccionario de escritores centroamericanos /

Gespeichert in:
Bibliographische Detailangaben
1. Verfasser: Arellano, Jorge Eduardo, 1946-
Körperschaft: Instituto Nicaragüense de Cultura
Format: Unbekannt
Sprache:Spanish
Veröffentlicht: Nicaragua : ASDI, 1997.
Schlagworte:
Tags: Tag hinzufügen
Keine Tags, Fügen Sie den ersten Tag hinzu!

MARC

LEADER 000000000a22000000004500
001 001719
008 231110b |||||||| |||| 00| 0 spa d
041 0 |a spa 
082 0 4 |a 860.997.280.3   |b A679d 
100 1 |a Arellano, Jorge Eduardo,   |d 1946- 
110 2 |a Instituto Nicaragüense de Cultura 
245 1 0 |a Diccionario de escritores centroamericanos /   |c Jorge Eduardo Arellano, Instituto Nicaragüense de Cultura. 
260 1 |a Nicaragua :   |b ASDI,   |c 1997. 
300 |a 154 páginas 
650 4 |a AUTORES CENTROAMERICANOS 
650 4 |a BIOGRAFIAS 
650 4 |a DICCIONARIOS 
942 |c REF  |2 ddc 
999 |c 8403  |d 8403